[Event "FICGS rapid B 000174 email"]
[Site "FICGS email"]
[Date "2011.02.07"]
[Round "1"]
[White "Tronchere, Laurent"]
[Black "Ropokis, Dimitrios"]
[Result "0-1"]
[WhiteElo "1781"]
[BlackElo "1798"]
[PlyCount "38"]
[EventDate "2011.??.??"]
[EventType "tourn (rapid)"]
[EventRounds "6"]
[SourceTitle "Corr 2013"]
[Source "ChessBase"]
[SourceDate "2012.11.12"]
[SourceVersion "1"]
[SourceVersionDate "2012.11.12"]
[SourceQuality "1"]

1. d4 Nf6 2. c4 e5 3. dxe5 Ne4 4. Nd2 Bb4 5. Ngf3 Nc6 6. a3 Bxd2+ 7. Bxd2 Nxd2 8. Qxd2 Qe7 9. g3 0-0 10. Bg2 Nxe5 11. Nxe5 Qxe5 12. 0-0 d6 13. Rac1 Re8 14. e3 a5 15. Qc3 Qxc3 16. Rxc3 a4 17. c5 dxc5 18. Rxc5 c6 19. Rd1 Be6 0-1

[Event "FICGS no engines 00 email"]
[Site "FICGS email"]
[Date "2010.11.14"]
[Round "1"]
[White "Kepinski, Janusz"]
[Black "Tronchere, Laurent"]
[Result "1-0"]
[WhiteElo "1846"]
[BlackElo "1800"]
[PlyCount "59"]
[EventDate "2010.??.??"]
[EventType "swiss (corr)"]
[EventRounds "1"]
[SourceTitle "Corr 2013"]
[Source "ChessBase"]
[SourceDate "2012.11.12"]
[SourceVersion "1"]
[SourceVersionDate "2012.11.12"]
[SourceQuality "1"]

1. d4 Nf6 2. c4 g6 3. Nf3 Bg7 4. e3 0-0 5. Bd3 c5 6. 0-0 cxd4 7. exd4 d5 8. Nc3 dxc4 9. Bxc4 Nbd7 10. Re1 Nb6 11. Bb3 Nfd5 12. Be3 Bf5 13. Nxd5 Nxd5 14. Bxd5 Qxd5 15. b3 Rfd8 16. Rc1 Rac8 17. Rxc8 Rxc8 18. Nh4 Be6 19. Nf3 Bg4 20. Bf4 e6 21. Be5 Bxf3 22. Qxf3 Qxf3 23. gxf3 Bxe5 24. dxe5 Rc2 25. a4 Rc3 26. Re3 Rc5 27. Kg2 Kf8 28. f4 b5 29. axb5 Rxb5 30. Rc3 1-0

[Event "FICGS class B 000100 email"]
[Site "FICGS email"]
[Date "2010.02.15"]
[Round "1"]
[White "Calway, Ian"]
[Black "Tronchere, Laurent"]
[Result "1-0"]
[WhiteElo "1800"]
[BlackElo "1800"]
[PlyCount "67"]
[EventDate "2010.??.??"]
[EventType "tourn (corr)"]
[EventRounds "4"]
[SourceTitle "Corr 2013"]
[Source "ChessBase"]
[SourceDate "2012.11.12"]
[SourceVersion "1"]
[SourceVersionDate "2012.11.12"]
[SourceQuality "1"]

1. e4 d6 2. d4 Nf6 3. Nc3 g6 4. Be3 c6 5. Qd2 b5 6. a3 Bg7 7. Bh6 Bxh6 8. Qxh6 Qa5 9. 0-0-0 Nbd7 10. Bd3 Rb8 11. Nge2 b4 12. axb4 Rxb4 13. f4 Ng4 14. Qh4 Ne3 15. Rdg1 Ba6 16. Kd2 Nc4+ 17. Bxc4 Bxc4 18. Ra1 Qb6 19. Qh3 Bxe2 20. Nxe2 Rxb2 21. Qa3 0-0 22. Qxb2 Qxb2 23. Rhb1 Qxb1 24. Rxb1 Rb8 25. Ra1 Rb7 26. Kd3 Kg7 27. e5 Nb6 28. Nc3 f5 29. exf6+ Kxf6 30. g3 Kf5 31. h3 Nd5 32. Ra5 Ke6 33. Nxd5 cxd5 34. Ke3 1-0

[Event "FICGS class B 000100 email"]
[Site "FICGS email"]
[Date "2010.02.15"]
[Round "1"]
[White "Tanda, Giovanni"]
[Black "Tronchere, Laurent"]
[Result "1-0"]
[WhiteElo "1956"]
[BlackElo "1800"]
[PlyCount "43"]
[EventDate "2010.??.??"]
[EventType "tourn (corr)"]
[EventRounds "4"]
[SourceTitle "Corr 2013"]
[Source "ChessBase"]
[SourceDate "2012.11.12"]
[SourceVersion "1"]
[SourceVersionDate "2012.11.12"]
[SourceQuality "1"]

1. d4 Nf6 2. Nf3 g6 3. Bg5 Bg7 4. Nbd2 0-0 5. c3 d6 6. e4 Nbd7 7. Bc4 h6 8. Bf4 e5 9. dxe5 Nxe5 10. Nxe5 dxe5 11. Be3 Qe7 12. f3 Rd8 13. Qe2 a6 14. a4 Nd7 15. 0-0 Nc5 16. a5 Ne6 17. g3 Bd7 18. b4 Qe8 19. Nb3 Bb5 20. Bxb5 axb5 21. Rfd1 Qc6 22. Rxd8+ 1-0

[Event "FICGS class B 000099 email"]
[Site "FICGS email"]
[Date "2010.01.29"]
[Round "1"]
[White "Tronchere, Laurent"]
[Black "Koenig, Paul"]
[Result "1-0"]
[WhiteElo "1800"]
[BlackElo "1893"]
[PlyCount "27"]
[EventDate "2010.??.??"]
[EventType "tourn (corr)"]
[EventRounds "1"]
[SourceTitle "Corr 2013"]
[Source "ChessBase"]
[SourceDate "2012.11.12"]
[SourceVersion "1"]
[SourceVersionDate "2012.11.12"]
[SourceQuality "1"]

1. e4 c5 2. Nf3 Nc6 3. d4 cxd4 4. Nxd4 Nf6 5. Nc3 e6 6. Nxc6 bxc6 7. e5 Nd5 8. Ne4 Qc7 9. f4 Qa5+ 10. Bd2 Qb6 11. Bd3 a5 12. Qf3 Qxb2 13. 0-0 Be7 14. Rab1 1-0

[Event "FICGS class B 000099 email"]
[Site "FICGS email"]
[Date "2010.01.29"]
[Round "1"]
[White "Tronchere, Laurent"]
[Black "Panov, Dmitry"]
[Result "0-1"]
[WhiteElo "1800"]
[BlackElo "1965"]
[PlyCount "76"]
[EventDate "2010.??.??"]
[EventType "tourn (corr)"]
[EventRounds "1"]
[SourceTitle "Corr 2013"]
[Source "ChessBase"]
[SourceDate "2012.11.12"]
[SourceVersion "1"]
[SourceVersionDate "2012.11.12"]
[SourceQuality "1"]

1. e4 e5 2. Nf3 Nf6 3. Nxe5 d6 4. Nf3 Nxe4 5. d4 d5 6. Bd3 Bd6 7. 0-0 0-0 8. c4 c6 9. Re1 Re8 10. cxd5 cxd5 11. Nc3 Nxc3 12. bxc3 Rxe1+ 13. Qxe1 h6 14. Rb1 b6 15. Qe2 Nc6 16. h3 Qe7 17. Be3 Qc7 18. Re1 Bd7 19. Bc2 Ne7 20. Bd2 Ng6 21. Ne5 Bxe5 22. dxe5 Re8 23. f4 Ne7 24. g4 d4 25. Qd3 dxc3 26. Bxc3 Ng6 27. Bb4 Be6 28. Bb1 Qc6 29. Kh2 Qa4 30. a3 a5 31. Bc2 Qc6 32. Bd2 Bc8 33. Qe4 Qd7 34. Qe2 Ba6 35. Qf2 Bd3 36. Bd1 Bc4 37. Bf3 Nh4 38. Be4 Bd5 0-1